000 00898nam a2200277 i 4500
003 DO-SdBNP
005 20250703085529.0
007 ta
008 230920b2012 dr a|||| |||| 00| 0 spa d
020 _a978994006568
040 _aDO-SdBNP
_bspa
_cBNPHU
_erda
041 _aspa
082 4 _axxx
_bG318D 2017
_222
100 1 _aGell, Riqui,
_eautor
_4aut.
_975212
245 1 3 _aEl Dios de los procesos /
_cRiqui Gell ; diagramación y corrección de estilo, Anamaria Tolleri.
250 _aQuinta edición
264 4 _aSanto Domingo, República Dominicana :
_bEditora Búho,
_c©2017.
300 _a169 páginas :
_bilustraciones ;
_c21 cm.
336 _atexto
_btxt
_2rdacontent
337 _asin mediación
_bn
_2rdamedia
338 _avolumen
_bnc
_2rdacarrier
590 _aInventariado, 2025 /LP
700 1 _aTolleri, Anamaria,
_ecorrector
_4corr.
_988236
910 _aLP
942 _2ddc
_cLBS1
999 _c59420
_d59420